Behavioral Ecology and Sociobiology

গ্রন্থ-পঞ্জীর বিবরন
বিন্যাস: বৈদ্যুতিক পত্রিকা
ভাষা:English
প্রকাশিত: Springer Berlin Heidelberg
অনলাইন ব্যবহার করুন:Full text available on Springer
Off-campus access
LEADER 00921cas a2200205 a 4500
001 AALejournalSpringer000236
008 230103c9999 xx r poo 0 0eng d
022 |a 0340-5443 
022 |a 1432-0762 
040 |a BD-DhAAL  |c BD-DhAAL 
245 0 0 |h [electronic resource]  |a Behavioral Ecology and Sociobiology 
260 |b Springer Berlin Heidelberg 
300 |a 1 online resource 
362 0 |a Vol. 40, no. 1 
500 |a <strong>Off-Campus Access:</strong> Athens ID and Password Required 
500 |a <strong>On-Campus Access:</strong> No User ID or Password Required 
506 |a Electronic access restricted to authorized BRAC University faculty, staff and students 
538 |a Mode of access: Internet 
856 4 0 |z Full text available on Springer  |u https://link.springer.com/journal/265 
856 4 0 |z Off-campus access  |u https://go.openathens.net/redirector/bracu.ac.bd?url=https%3A%2F%2Flink.springer.com%2Fjournal%2F265